|
|
|
|
| LEADER |
00000cam a2200000 a 4500 |
| 001 |
vtls001292945 |
| 003 |
SK-MaSNL |
| 005 |
20260302032737.0 |
| 008 |
240226s1957 xo da f p 000 0 slo |
| 015 |
|
|
|a SNBA1957
|
| 020 |
|
|
|q (viazané)
|
| 035 |
|
|
|a SNK000244697
|
| 035 |
|
|
|a urn:nbn:sk:snk-am3i7md
|
| 035 |
|
|
|a 8FF96377-3CE9-4143-B966-431AC6C77597
|
| 035 |
|
|
|a urn:nbn:sk:snk-am00dt6v
|
| 040 |
|
|
|a SNK
|b slo
|c SNK
|e AACR2
|
| 041 |
1 |
|
|a slo
|h cze
|
| 044 |
|
|
|a xo
|c SK
|
| 072 |
|
7 |
|a 624
|x Stavebné inžinierstvo
|2 konspekt
|
| 072 |
|
7 |
|a 37.016
|x Učebné osnovy. Vyučovacie predmety. Učebnice
|2 konspekt
|
| 080 |
|
|
|a 624.92(075.3)
|2 1981
|
| 080 |
|
|
|a 624.01/.07
|2 2011
|
| 080 |
|
|
|a (075.3)
|2 2011
|
| 100 |
1 |
|
|a Paul, Jan
|4 aut
|9 362062
|
| 245 |
1 |
0 |
|a Železobetón v pozemnom staviteľstve
|n I. diel
|c Jan Paul ; z českého originálu preložil Ladislav Jánsky
|
| 250 |
|
|
|a 1. vyd.
|
| 260 |
|
|
|a Bratislava
|b Slovenské vydavateľstvo technickej literatúry
|c 1957
|
| 300 |
|
|
|a 441 strán, [2] rozkladacie listy, [23] strán tabuľkových príloh
|b grafy, ilustrácie, tabuľky
|c 21 cm
|
| 366 |
|
|
|e 2200 kusov
|
| 490 |
1 |
|
|a Edícia stavebníckej literatúry
|
| 500 |
|
|
|a Preložené z češtiny
|
| 500 |
|
|
|a Príloha obsahuje tabuľky pre návrh prierezov
|
| 650 |
0 |
7 |
|a pozemné staviteľstvo
|2 SNKPH
|9 68234
|
| 655 |
|
7 |
|a učebnice stredných škôl
|2 SNKPH
|9 69323
|
| 700 |
1 |
|
|a Jánsky, Ladislav,
|d 1914-1989
|4 trl
|9 207982
|
| 830 |
|
0 |
|a Edícia stavebníckej literatúry
|9 268357
|
| 852 |
|
|
|a Slovenská národná knižnica
|
| 954 |
|
|
|a odborná, vedecká literatúra cudzojazyčná (svetová)
|2 lita
|
| 958 |
|
|
|a RK
|
| 958 |
|
|
|a TL
|
| 958 |
|
|
|a CZ
|
| 958 |
|
|
|a OP
|
| 958 |
|
|
|a OND
|
| 958 |
|
|
|a EUIPO
|
| 999 |
|
|
|c 1058170
|d 1060100
|
| 952 |
|
|
|t P60, <04>, [BOOK], {604}
|a SNK
|b SNK
|y VYP
|7 0
|p 17A0074136
|o snkSC 10145/1 D1
|0 0
|1 0
|4 0
|d 1997-07-01
|l 0
|r 2005-01-02 00:00:00
|w 2026-02-24
|
| 952 |
|
|
|a SNK
|b SNK
|y PREZ
|7 0
|p 17A0819496
|o snkSC 10145/1
|i snkKSP 3009/57
|0 0
|1 0
|4 0
|d 2012-08-22
|f 1
|l 0
|r 2025-07-09 00:00:00
|w 2026-02-24
|